Competencias lingüísticas de docentes de párvulos : (Record no. 173420)
[ view plain ]
| 000 -CABECERA | |
|---|---|
| campo de control de longitud fija | 01803cab a2200253 ab4500 |
| 005 - FECHA Y HORA DE LA ÚLTIMA TRANSACCIÓN | |
| campo de control | 20240924064710.0 |
| 008 - ELEMENTOS DE LONGITUD FIJA--INFORMACIÓN GENERAL | |
| campo de control de longitud fija | 991125c2014 cr tr p o 000 0 spa d |
| 035 ## - NÚMERO DE CONTROL DEL SISTEMA | |
| Número de control de sistema | UPN01000201319 |
| 040 ## - FUENTE DE LA CATALOGACIÓN | |
| Centro catalogador/agencia de origen | MX-MxUPN |
| Lengua de catalogación | spa |
| Centro/agencia transcriptor | MX-MxUPN |
| Normas de descripción | aacr2 |
| 049 ## - COLECCIÓN | |
| Colección | ART-E |
| 100 1# - ASIENTO PRINCIPAL--NOMBRE PERSONAL | |
| Nombre de persona | Pérez Lisboa, Sandra Ruperta |
| Enlace | - sandra.perez@upla.cl |
| 245 10 - MENCIÓN DE TÍTULO | |
| Título | Competencias lingüísticas de docentes de párvulos : |
| Resto del título | un análisis del discurso conversacional de profesionales de la Junta Nacional de Jardines Infantiles |
| Medio | [recurso electrónico en línea] |
| 506 0# - NOTA DE RESTRICCIONES AL ACCESO | |
| Limitaciones de acceso | Acceso abierto |
| 520 3# - NOTA DE RESUMEN, ETC. | |
| Sumario, etc. | Las competencias lingüísticas de docentes de párvulos son un referente continuo en el desarrollo del lenguaje de niñas y niños. Esto, porque son un modelo, debido a que utilizan constantemente la comunicación oral para trabajar, jugar o dar instrucciones. En relación con esta premisa, esta investigación tiene por objetivo analizar las competencias lingüísticas de un grupo de educadoras de párvulos del nivel transición menor. Con base en la observación de docentes que trabajan en la Junta Nacional de Jardines Infantiles –de la zona poniente de la provincia de Santiago–, se realizó un estudio relativo al discurso conversacional de las profesionales. Se plantea que la posesión de mayores competencias lingüísticas, por parte de educadores, favorece el desarrollo del lenguaje oral de los párvulos. |
| 650 #4 - ASIENTO SECUNDARIO DE MATERIA - TERMINO TEMATICO | |
| Término de materia o nombre geográfico como elemento de entrada | Comunicación oral |
| 9 (RLIN) | 3602 |
| 650 #4 - ASIENTO SECUNDARIO DE MATERIA - TERMINO TEMATICO | |
| Término de materia o nombre geográfico como elemento de entrada | Educación preescolar |
| 9 (RLIN) | 1517 |
| 653 0# - TERMINO DE INDIZACION - NO CONTROLADO | |
| Término no controlado | COMPETENCIAS LINGÜISTICAS |
| 653 0# - TERMINO DE INDIZACION - NO CONTROLADO | |
| Término no controlado | COMPETENCIAS DOCENTES |
| 773 ## - ENLACE AL DOCUMENTO FUENTE/ENTRADA DE REGISTRO ANFITRIÓN | |
| Parte(s) relacionada(s) | Vol. 18, no. 1 (2014), p. 177-192 |
| Título | Revista electrónica educare |
| Número Internacional Normalizado para Publicaciones Seriadas | 1409-4258 |
| 856 4# - LOCALIZACIÓN Y ACCESO ELECTRÓNICOS | |
| Identificador Uniforme del Recurso | <a href="https://www.revistas.una.ac.cr/index.php/EDUCARE/article/view/5568">https://www.revistas.una.ac.cr/index.php/EDUCARE/article/view/5568</a> |
| 905 ## - TIPO DE MATERIAL | |
| Tipo de material | Articulo |
| 942 ## - ELEMENTOS DE PUNTO DE ACCESO ADICIONAL (KOHA) | |
| Tipo de ítem Koha | Artículo Electrónico |
| Estado de retiro | Estado de pérdida | Estado dañado | No para préstamo | Código de colección | Localización permanente | Ubicación/localización actual | Ubicación en estantería | Fecha de adquisición | Total de préstamos | Código de barras | Fecha visto por última vez | Identificador Uniforme del Recurso | Precio válido a partir de | Tipo de ítem Koha |
|---|---|---|---|---|---|---|---|---|---|---|---|---|---|---|
| Acceso abierto | Bib. Gregorio Torres Quintero | Bib. Gregorio Torres Quintero | En línea | 31/08/2022 | 9682904337 | 31/08/2022 | https://www.revistas.una.ac.cr/index.php/EDUCARE/article/view/5568 | 31/08/2022 | Artículo Electrónico |
